| 000 | 00891nmc a2200349 a 4500 | ||
|---|---|---|---|
| 003 | AR-BaBNM | ||
| 005 | 20251128205219.0 | ||
| 008 | 037019s1997 ||||||||||||||000 | spa|| | ||
| 020 | _a950-802-030-X | ||
| 040 | _cAR-BaBNM | ||
| 100 | 1 | _aPalladino, Enrique | |
| 245 | 1 | 0 | _aProyecto y contenidos transversales |
| 250 | _a1ª ed. | ||
| 260 |
_aBuenos Aires _bEspacio _c1997 |
||
| 300 | 0 |
_a118 p. _bdiagr. |
|
| 490 | 0 | _aDidáctica | |
| 504 | _aBibliografía: p. 115-116 | ||
| 650 | 4 | _aEDUCACION MORAL | |
| 650 | 4 | _aVALORES MORALES | |
| 650 | 4 | _aDISCRIMINACION | |
| 650 | 4 | _aCONSUMIDORES | |
| 650 | 4 | _aEDUCACION AMBIENTAL | |
| 650 | 4 | _aECOLOGIA | |
| 650 | 4 | _aPRACTICA DOCENTE | |
| 653 | 0 | _aTEMAS TRANSVERSALES | |
| 653 | 0 | _aNIVEL INICIAL | |
| 653 | 0 | _aEDUCACION GENERAL BASICA | |
| 653 | 0 | _aEDUCACION POLIMODAL | |
| 653 | 0 | _aSIDA | |
| 942 | _cBK | ||
| 998 | _cSILVI | ||
| 999 |
_c10478 _d10478 |
||